000 01239cam a2200277 4500
001 ##L131094
008 050927n2003 000 0 eng u
020 _a1903208521
035 _a(Sirsi) u131094
041 0 _aeng
050 0 4 _a346.4104346 $2 18
100 0 2 _aRobinson, Peter
245 0 0 _aLeasehold management
_ba good practice guide
260 _aCoventry
_bCIH
_c2003
300 _axii, 188p.
_c23cm.
350 _a25
520 _aA guide covering: the legal and regulatory framework for residential leasehold management in the public and private sectors; the administration of service charges following the Commonhold and Leasehold Reform Act 2002; the position of leaseholders in large scale regeneration schemes; the extended role of Leasehold Valuation Tribunals; good practice examples and case studies with details of additional information sources.
590 _aIKA030106
650 2 4 _aCOMMONHOLD AND LEASEHOLD REFORM ACT 2002
690 _aPROPERTY-RESIDENTIAL PROPERTY-RESIDENTIAL PROPERTY TENURE-LEASEHOLD RESIDENTIAL PROPERTY
700 1 _aMills, John
710 2 _aChartered Institute of Housing
_92394
710 2 _aNational Housing Federation
_9695
710 2 _aHousing Corporation
942 _n0
999 _c104640
_d104640